Pokémon Deutsch Quiz - Nach Reihenfolge! - Statistiken

Allgemein
  • Dieses Quiz wurde 524 mal gespielt
  • Das Durchschnittsergebnis liegt bei 81 aus 151
Antwortstatistiken
# Pokémon % Korrekt
001 Bisasam
100%
003 Bisaflor
98%
002 Bisaknosp
98%
004 Glumanda
96%
006 Glurak
96%
005 Glutexo
96%
007 Schiggy
94%
008 Schillok
92%
009 Turtok
92%
010 Raupy
90%
012 Smettbo
90%
015 Bibor
89%
013 Hornliu
89%
014 Kokuna
89%
011 Safcon
89%
017 Tauboga
88%
018 Tauboss
88%
016 Taubsi
88%
020 Rattikarl
87%
019 Rattfratz
86%
022 Ibitak
84%
021 Habitak
83%
025 Pikachu
81%
026 Raichu
81%
024 Arbok
80%
034 Nidoking
80%
031 Nidoqueen
80%
029 Nidoran ♀
80%
032 Nidoran ♂
80%
030 Nidorina
80%
033 Nidorino
80%
023 Rettan
79%
028 Sandamer
78%
027 Sandan
77%
036 Pixi
72%
035 Piepi
71%
042 Golbat
68%
040 Knuddeluff
68%
039 Pummeluff
68%
041 Zubat
68%
038 Vulnona
67%
037 Vulpix
67%
044 Duflor
64%
045 Giflor
64%
043 Myrapla
64%
046 Paras
64%
047 Parasek
64%
050 Digda
61%
051 Digdri
61%
052 Mauzi
58%
063 Abra
57%
059 Arkani
57%
048 Bluzuk
57%
054 Enton
57%
055 Entoron
57%
058 Fukano
57%
064 Kadabra
57%
066 Machollo
57%
068 Machomei
57%
067 Maschock
57%
049 Omot
57%
065 Simsala
57%
053 Snobilikat
57%
062 Quappo
56%
060 Quapsel
56%
061 Quaputzi
56%
056 Menki
55%
069 Knofensa
54%
057 Rasaff
54%
071 Sarzenia
54%
070 Ultrigaria
54%
075 Georok
50%
076 Geowaz
50%
074 Kleinstein
50%
072 Tentacha
50%
073 Tentoxa
50%
151 Mew
47%
144 Arktos
46%
148 Dragonir
46%
150 Mewtu
46%
149 Dragoran
45%
147 Dratini
45%
078 Gallopa
45%
146 Lavados
45%
077 Ponita
45%
145 Zapdos
45%
101 Lektroball
42%
100 Voltoball
42%
079 Flegmon
41%
103 Kokowei
41%
080 Lahmus
41%
102 Owei
41%
142 Aerodactyl
40%
139 Amoroso
39%
140 Kabuto
39%
141 Kabutops
38%
105 Knogga
38%
143 Relaxo
38%
093 Alpollo
37%
138 Amonitas
37%
094 Gengar
37%
092 Nebulak
37%
104 Tragosso
37%
134 Aquana
36%
135 Blitza
36%
133 Evoli
36%
136 Flamara
36%
081 Magnetilo
36%
082 Magneton
36%
095 Onix
36%
127 Pinsir
36%
123 Sichlor
36%
125 Elektek
35%
126 Magmar
35%
083 Porenta
35%
085 Dodri
34%
084 Dodu
34%
137 Porygon
34%
124 Rossana
34%
106 Kicklee
33%
090 Muschas
33%
107 Nockchan
33%
091 Austos
32%
132 Ditto
32%
099 Kingler
32%
098 Krabby
32%
130 Garados
31%
086 Jurob
31%
129 Karpador
31%
131 Lapras
31%
111 Rihorn
31%
108 Schlurp
31%
121 Starmie
31%
120 Sterndu
31%
128 Tauros
31%
097 Hypno
30%
087 Jugong
30%
112 Rizeros
30%
088 Sleima
30%
089 Sleimok
30%
096 Traumato
30%
122 Pantimos
29%
110 Smogmog
29%
109 Smogon
29%
113 Chaneira
28%
118 Goldini
27%
119 Golking
27%
114 Tangela
27%
115 Kangama
26%
116 Seeper
26%
117 Seemon
24%
Keine übereinstimmenden Quizze gefunden
Verteilung der Resultate
Anzahl Personen mit jedem Resultat
Perzentil nach korrekt beantworteten Fragen
Ihre Resultats-Entwicklung
Sie haben dieses Quiz noch nicht gespielt